| 000 | 00944cab a2200205 4500 | ||
|---|---|---|---|
| 001 | L136092 | ||
| 008 | 070109n2007 000 0 eng u | ||
| 035 | _a(Sirsi) u136092 | ||
| 041 | 0 | _aeng | |
| 100 | 1 | _aRoss, Jonathan | |
| 245 | 0 | 0 |
_aCase news _bBusiness Environment Bow v Deanwater Estates LTD |
| 260 | _c2007 | ||
| 490 | 0 |
_aProperty Week _v72(1) 5 January 2007, 57(1) |
|
| 520 | _aDiscusses a case ([2006] Ch D) where a tenant relied on assurances from a landlord that it would not serve a terminal schedule of dilapidations on the tenant once the lease had expired. However the landlord issued a claim for dilapidations against its tenant. "Held": the court agreed that the assurances remained valid and were not intended to be overridden by subsequent changes in the lease. | ||
| 590 | _aKA | ||
| 650 | 2 | 4 | _aBUSINESS ENVIRONMENT BOW V DEANWATER ESTATES |
| 651 | 4 | _aLONDON | |
| 690 | _aPROPERTY-LANDLORD AND TENANT | ||
| 942 | _n0 | ||
| 999 |
_c78131 _d78131 |
||